000 00393nam a2200181Ia 4500
001 819
005 20260306140546.0
008 260306t2011||||xx |||||||||||||| ||spa||
041 _aESP
082 _a170
_bH22
100 _aHartmann, Nicolai
_eAUT
245 0 _aÉtica
260 _c2011
300 _a852 páginas :
_c24 cm.
650 _aGEN
654 _aCHU
942 _cLIB
_dJUS
_fJUS
_2ddc
_n
999 _c819
_d819